000 00936nam a2200313 a 4500
999 _c9939
_d9939
001 9939
003 BD-JhCC
005 20180403185144.0
008 860116s1986 nyua 001 0 eng
020 _a0020630301 (pbk.) :
_c$6.95
035 _a(BD-JhCC)9939
040 _aDLC
_cDLC
_dDLC
_dBD-JhCC
041 1 _aengdut
050 0 0 _aSB419
_b.H563 1986
082 0 0 _a635.965
_219
_bHER 1986
100 1 _aHerwig, Rob,
_d1935-
240 1 0 _a201 kamerplanten in kleur.
245 1 4 _aThe Macmillan book of houseplants /
_cby Rob Herwig ; translated by Marian Powell.
250 _a1st Collier Books ed.
260 _aNew York :
_bCollier Books,
_c1986.
300 _a96 p. :
_bcol. ill. ;
_c19 cm.
500 _a"Originally titled 201 kamerplanten in kleur."
500 _aIncludes index.
650 0 _aHouse plants.
650 0 _aHouse plants
_xPictorial works.
740 0 _aHouseplants.
942 _2ddc
_cBK